Statistiques concernant Pays d'origine des personnages de fiction (partie 2).

Cliquez ici pour prendre le quiz!

Statistiques générales

  • Ce quiz a été pris 78 fois
  • Le résultat moyen est 10 sur 19

Statistiques - réponses

HintRéponse% Correct
ChangChine
91%
KirikouGuinée
89%
Mr BeanAngleterre
85%
QuasimodoFrance
78%
Hans GruberAllemagne
77%
Don JuanEspagne
75%
Ezio AuditoreItalie
75%
Miguel RiveraMexique
71%
Hercule PoirotBelgique
65%
MacBethÉcosse
58%
Arthur MorganÉtats-Unis
51%
Crocodile DundeeAustralie
46%
PiInde
40%
ZangiefRussie
38%
Corto MalteseMalte
28%
Axel BlazeJapon
15%
MystiqueAutriche
14%
Keyser SözeTurquie
14%
Trevor PhilipsCanada
11%

Distribution des résultats

Percentile par nombre de réponses

% des personnes avec chaque résultat

Votre développement - résultats

Vous n’avez pas pris ce quiz